Eilandlanden - Sudden Death - Statistieken

Algemene statistieken
  • Deze quiz is 5.388 keer genomen
  • De gemiddelde score is 10 van 17
Answers on the Grid
Answers color-coded by a green-red scale on the quiz's grid according to % correct below.
Bahrein
Barbados
Bhutan
Brunei
Denemarken
Ecuador
Estland
Filipijnen
Griekenland
Honduras
Ierland
IJsland
Indonesië
Italië
Kaapverdië
Kiribati
Liberia
Madagaskar
Maleisië
Malta
Mauritanië
Mauritius
Monaco
Nieuw-Zeeland
Oost-Timor
Palau
Portugal
Qatar
Singapore
Verenigd Koninkrijk
Vietnam
Zuid-Korea
 
Antwoordstatistieken
Antwoord % Correct
Barbados
81%
Filipijnen
79%
IJsland
78%
Malta
68%
Kiribati
67%
Madagaskar
67%
Indonesië
66%
Kaapverdië
66%
Nieuw-Zeeland
65%
Ierland
64%
Verenigd Koninkrijk
59%
Palau
57%
Mauritius
55%
Bahrein
47%
Oost-Timor
45%
Brunei
40%
Singapore
38%
Geen overeenkomende quizzen gevonden
Scoreverdeling
Procent van Mensen met Elke Score
Percentiel versus Aantal Correcte Antwoorden
Uw Scoregeschiedenis
U heeft deze quiz nog niet genomen